000 01093nam a22002777a 4500
003 dpl
005 20180713153744.0
008 180713b xxu||||| |||| 00| 0 eng d
010 _aA-920754
020 _c100.00
_a8121406382
035 _aA-920754, A-920773
037 _bCen Lib/Ret
040 _aDPL
_bHN
_c0
082 _a
_bबेदीसू
100 _aबेदी, सुषम
_967075
245 _aइतर /
_cसुषम बेदी
246 _aItar /
_bby Susham Bedi
260 _bनेशनल पब्लिशिंग हाउस
_a नयी दिल्ली
_c2005
270 _b नयी दिल्ली
_a2/35 अंसारी रोड, दर्यगानाज
_e110002
300 _a182पृ.
_c16सेमी(सजिल्द )
650 _a हिंदी साहित्य
_x
_z
_967076
650 _a हिंदी साहित्य
_xउपन्यास
_942619
650 _aHindi literature
_967077
650 _aHindi literature
_xFiction
_967078
942 _2ddc
_cHN
_h
_mबेदीसू
999 _c116543
_d116543